<?xml version="1.0" encoding="UTF-8"?>
<collection xmlns="http://www.loc.gov/MARC21/slim">
 <record>
  <leader>00992nam a22001931  4500</leader>
  <controlfield tag="001">1/10574</controlfield>
  <controlfield tag="008">970714s1988    gr            000 0 gre d</controlfield>
  <datafield tag="035" ind1=" " ind2=" ">
   <subfield code="l">10923</subfield>
  </datafield>
  <datafield tag="040" ind1=" " ind2=" ">
   <subfield code="a">GR-PeUP</subfield>
  </datafield>
  <datafield tag="082" ind1="0" ind2="0">
   <subfield code="a">296.382 ΜΟ</subfield>
  </datafield>
  <datafield tag="100" ind1="1" ind2=" ">
   <subfield code="a">Μουρατίδης, Κωνσταντίνος Δωρ.,</subfield>
   <subfield code="d">1918-2001.</subfield>
  </datafield>
  <datafield tag="245" ind1="1" ind2="2">
   <subfield code="a">Ο Χριστός ξανασταυρώνεται :</subfield>
   <subfield code="b">: &quot;από τον σιωνιστικό πολιτιστικό υπόκοσμο του Λός Αντζελες&quot; /</subfield>
   <subfield code="c">Κωνσταντίνου Δωρ. Μουρατίδου</subfield>
  </datafield>
  <datafield tag="250" ind1=" " ind2=" ">
   <subfield code="a">[Ανάτυπο]</subfield>
  </datafield>
  <datafield tag="260" ind1=" " ind2=" ">
   <subfield code="a">Αθήνα :</subfield>
   <subfield code="b">[χ.ο.],</subfield>
   <subfield code="c">1988</subfield>
  </datafield>
  <datafield tag="300" ind1=" " ind2=" ">
   <subfield code="a">65 σελ. ;</subfield>
   <subfield code="c">20 εκ.</subfield>
  </datafield>
  <datafield tag="500" ind1=" " ind2=" ">
   <subfield code="a">Ανάτυπο από το περιοδικό της Π.Ε.Θ. &quot;Κοινωνία&quot; έτος ΛΑ, Οκτ.-Δεκ.1988, τεύχος 4</subfield>
  </datafield>
  <datafield tag="650" ind1=" " ind2="4">
   <subfield code="a">Αιρέσεις και αιρετικοί.</subfield>
  </datafield>
  <datafield tag="650" ind1=" " ind2="4">
   <subfield code="a">Σιωνιστές.</subfield>
  </datafield>
  <datafield tag="852" ind1=" " ind2=" ">
   <subfield code="a">INST</subfield>
   <subfield code="b">UNIPILB</subfield>
   <subfield code="c">MAIN</subfield>
   <subfield code="e">20040709</subfield>
   <subfield code="h">296.382 ΜΟ</subfield>
   <subfield code="p">00126342</subfield>
   <subfield code="q">00126342</subfield>
   <subfield code="t">LOAN</subfield>
   <subfield code="y">0</subfield>
   <subfield code="4">1</subfield>
  </datafield>
 </record>
</collection>
